Communicating with the IBM PC Series. Concepts,Hardware?Software,Networking /

Salvato in:
Dettagli Bibliografici
Autore principale: Held, Gilbert (Autore)
Natura: Libro
Pubblicazione: Chichester : John Wiley & Sons, 1988
Tags: Aggiungi Tag
Nessun Tag, puoi essere il primo ad aggiungerne!!

MARC

LEADER 00000nam a22000003a 4500
001 stu14743
005 20190206124527.8
008 ------s1988----uk----------------------d
040 |a STU  |b slo 
041 0
044 |a uk 
080 |a 681.324 
100 1 |a Held, Gilbert  |4 aut 
245 1 |a Communicating with the IBM PC Series. Concepts,Hardware?Software,Networking /  |c [aut.]Held,Golbert 
260 |a Chichester :  |b John Wiley & Sons,  |c 1988 
300 |a 314 s :  |b Obr.,tab.,grafy,index 
996 |b 284C016152  |c C*84170  |l CCI  |s A  |a 24  |w stu14743_0001